000 00906cam a2200229 i 4500
001 sa 68004801
003 DLC
005 20260227112504.0
008 040720s1967 ii 000 j tamr
010 _asa 68004801
040 _aDLC
_cDLC
_dDLC
050 0 0 _aPL4758.9.A33
_bN4
100 1 _aAkilan̲,
_d1922-1988.
245 1 0 _aNellūr arici :
_bkataikaḷ /
_cAkilan̲.
250 _a1. patippu.
260 _aCen̲n̲ai :
_bPāri Puttakap Paṇṇai,
_c1967.
300 _a191 p. ;
_c19 cm.
500 _a"Mun̲n̲uraiyāka Malēciyāvi̲l naṭaiper̲r̲a mutalāvatu an̲aittulakat Tamil̲ manaṭṭil Akilan̲in̲ cirukataikaḷ par̲r̲i Malēciap palkalaik Kal̲akattin̲ peraciripai An̲n̲apūraṇi Cantiracēkaran̲ avarkaḷ val̲aṅkiya ārāyccik karutturai iṇaikkapper̲r̲uḷḷatu."
500 _a"Por̲koṭu veḷiyīṭu."
500 _aShort stories.
546 _aIn Tamil.
999 _c80354
_d80354